Revoluciones y rebeliones de la Europa moderna: cinco estudios sobre sus precondiciones y precipitantes

Saved in:
Bibliografiske detaljer
Main Authors: Elliot, John Huxtable (Author), Raeff, Marc (Author), Smit, J. W (Author), Stone, Lawrence (Author)
Andre forfattere: Mousnier, Roland (autor)
Format: Bog
Sprog:spansk
Udgivet: Madrid Alianza 1972
Udgivelse:1a. ed
Serier:Universidad, 22
Fag:
Tags: Tilføj Tag
Ingen Tags, Vær først til at tagge denne postø!

MARC

LEADER 00000cam a2200000 a 4500
001 UCD4704
003 CL-VaPUC
008 160717e19720000sp |||||||||||||||||spa|d
020 |a 842062022X 
082 0 4 |a 940.22  |b ELL  |2 21 
100 0 |a Elliot, John Huxtable  |e author  |9 588426 
700 |a Mousnier, Roland  |e autor  |9 314856 
700 0 |a Raeff, Marc  |e author  |9 588428 
700 0 |a Smit, J. W  |e author  |9 588429 
700 0 |a Stone, Lawrence  |e author  |9 588430 
245 1 0 |a Revoluciones y rebeliones de la Europa moderna: cinco estudios sobre sus precondiciones y precipitantes 
250 |a 1a. ed 
300 |a 230 p 
942 |c BK 
945 |d 20160717 19:54:00  |a dcastane 
260 |a Madrid  |b Alianza  |c 1972 
650 0 |a Historia de Europa  |9 392003 
650 0 |a Movimientos revolucionarios  |9 349711 
650 0 |a Revolución inglesa  |9 441001 
650 7 |a MONARQUIA ESPAÑOLA  |2 CL-VaPUC  |9 588431 
583 |a last modification  |c 20160717 19:54:00  |k Rodrigo Vera 
490 0 |a Universidad, 22 
999 |c 365557  |d 365555 
952 |0 0  |1 0  |3 erb  |4 0  |6 940_220000000000000_ELL_1972  |7 0  |8 A  |9 479440  |a FDOHBE  |b FDOHBE  |e Huesbe Llanos, Marco Antonio, 1934-  |i 5307805  |o 940.22 ELL 1972  |p 5307805  |r 2024-01-30  |w 2019-11-24  |y BK  |z Catalogado en:20160717  |k HBE